01450nam a2200349Ia 450000500170000000800410001702000180005804100080007608200170008410000230010124500720012425000220019630000250021850000550024350400270029865000260032565000220035165000490037365000500042265000250047265000350049765000440053294200120057626401090058833600270069733700330072433800280075704000350078599900150082095201340083595201310096920220317001805.0170328s2015 c g 000 0 s  a9789589894118 aspa04a305.26bD84e1 aDulcey-Ruiz, Elisa10aEnvejecimiento y vejezbcategorías y conceptoscElisa Dulcey-Ruiz aPrimera edición a588 páginasc22 cm aIncluye datos biográficos de la autora en solapa aIncluye bibliografía142LEMBaCalidad de vida142LEMBaEdad madura142LEMBaEnvejecimientoxAspectos filosóficos142LEMBaEnvejecimientoxAspectos psicológicos142LEMBaGerontología142LEMBaVejezxAspectos sociales142LEMBaEnvejecimientoxAspectos sociales 2ddccBK a[Bogotá]bRed Latinoamericana de Gerontología ; Fundación Cepsiger para el Desarrollo Humanoc2015 atextobtxt2rdacontent asin mediaciónbn2rdamedia avolumenbnc2rdacarrier aCO-BoRNBPbspaerdacCO-BoRNBP c8106d8106 00102ddc40708GENaMECASARIbMECASARIcGENd2024-11-10l0o305.26 - D84EpBM0001164r2024-11-10 16:38:09tEj.1w2024-11-10yBK 00102ddc40708GENaMELAJULIbMELAJULIcGENd2026-02-23l0o305.26 D84epJUL00202r2026-02-23 18:01:10tEj.1w2026-02-23yBK